000 00279nam a2200121Ia 4500
008 190216s9999||||xx |||||||||||||| ||und||
100 _aRadhakrishnan C
245 0 _aKadalasu Kappal
260 _bCurrent Books
_c1982
300 _a91p
650 _aMalayalam Novel
942 _cBK
999 _c26544
_d26544